MDQL
is popping MORE tags! Check the
thread
!
Quizzes
Events
Quiz Creation
Community
Videos
Private Events
Remove Ads
Sign In
Join for FREE
Feedback
Dark Mode
Quiz Categories
Sports
Geography
Music
Movies
Television
Just For Fun
Miscellaneous
History
Literature
Language
Science
Gaming
Entertainment
Religion
Holiday
For Kids
Quiz Lab
Recent
Popular Today
Quiz Kudos Today
Editor Picks
Curator Picks
Quizzes by...
Day
Popularity
Type
Ratings
Length
Year
Community
Subscriptions
Recent Discussions
Orange Saloon
Badges
Playlists
Quests
Create
Leaderboards
Showdown
Live 5
Trivia Bingo
Activity
Puzzle Library
Sporcle Events
Private Events
Virtual Trivia
Globe League
Become a Host
Pub Owners
SporcleCon
Opinionation
Our Games
Videos
Blog
Mobile Apps
Partnerships
Remove Ads and Go Orange
Feedback
Movies
Disney
Marvel Cinematic Universe
Movie Resume
Movie Titles
Oscar
Actor
Actress
Director
Pixar
Role
Movie Quotes
Movie Characters
Box Office
Nominee
Best Picture
Star Wars
James Bond
Horror Movies
Movies
Disney
Marvel Cinematic Universe
Movie Resume
Movie Titles
Oscar
Actor
Actress
Director
Pixar
Role
Movie Quotes
Movie Characters
Box Office
Nominee
Best Picture
Star Wars
James Bond
Horror Movies
Random Quiz
Search Sporcle
×
Quiz Lab
Quiz Lab
Movies
World
Type in answers that appear in a list
Type in answers that appear in a list
Classic
Best Score? Go Orange.
Part Of Your World Lyrics Stats
Can you name the Part Of Your World Lyrics?
By
koral
15m
31 Questions
43 Plays
43 Plays
43 Plays
Comments
Comments
Give Quiz Kudos
Give Quiz Kudos
-
- Ratings
hide this ad
Replay
Link that replays current quiz
Next Quiz
Link to next quiz in quiz playlist
You Got
0%
They Got
Avg Score
32%
Avg Friend Score
Upgrade to see
Score Distribution
Jump to the score distribution portion of the page
Score
0/31
Timer
15:00
0
Plays Today
% Correct
look at this stuff isn't it neat
97.7%
wouldn't you think my collections complete
93%
wouldn't you think i'm the girl
86%
the girl who has everything
86%
how many wonders can one cavern hold
69.8%
look at this trove treasures untold
65.1%
but who cares no big deal i want more
48.8%
i wanna be where the people are
39.5%
i've got gadgets and gizmos aplenty
32.6%
i've got whozits and whatzits galore
30.2%
sure shes got everything
27.9%
you want thingamabobs i've got twenty
27.9%
up where they walk up where they run
25.6%
up where they stay all day in the sun
25.6%
lookin around here you'd think
20.9%
i wanna see wanna see em dancin
20.9%
% Correct
whats a fire and why does it whats the word burn
20.9%
flippin your fins you don't get too far
18.6%
what would i give if i could live out of these waters
18.6%
what would i pay to spend a day warm on the sand
18.6%
legs are required for jumpin dancin
16.3%
bright young women sick of swimmin ready to stand
16.3%
strollin along down a whats that word again street
14%
wanderin free wish i could be part of that world
14%
betcha on land they understand
14%
ask em my questions and get some answers
14%
walkin around on those what do you call em oh feet
11.6%
bet they don't reprimand their daughters
11.6%
im ready to know what the people know
11.6%
out of the sea wish i could be part of that world
9.3%
wouldn't i love love to explore that shore up above
0%
Quiz Playlist
Details
Report
Send in Message
Add To Playlist
Classic:
Type in answers that appear in a list
Last Updated: Feb 16, 2017
Quiz Scoreboard
CHALLENGE
Sign Up to Join the Scoreboard
Show All
Scores
Hide
Comments
May contain spoilers
Recently Published
Street Fighter Characters
by Artimus82
Gaming
60s
9x9 Crossword: Cartoon Network
by jackfrog10
Miscellaneous
3m
College Basketball Coaching Resumes
by pancakes188
Sports
9m
More to Explore
Quiz From the Vault
Featured Blog Post
Where Did the Easter Bunny Come From?
hide this ad
You Might Also Like...
Tags
World Quiz
Today's Top Quizzes in Movies
Browse Movies
hide this ad
Today's Top Quizzes in World
Browse World
Top Contributed Quizzes in Movies
1
Pick 5 Posters: Directed by Spielberg
2
7-to-1: Pixar Characters
3
Hidden Star Wars Character II
4
Pick 5 Posters: Lowest-Rated Spielberg
5
Sorting Actors
6
Sorting Actresses
7
Hidden Star Wars Character III
8
Pick 5 Posters: Directed by Scorsese
9
Hidden Star Wars Character IV
10
Pick 5 Posters: Star & Director
Explore More
Trending Topics
NBA
Crossword
Disney
Kpop
Anime
Marvel
Harry Potter
The Office
Puzzle
Country
Song
Soccer
NFL
WWE
Pokémon
hide this ad
More By:
koral
Quiz
Plays
Rating
Category
Featured
Created
Part Of Your World Lyrics
43
1.00
Movies
Nov 20, 2010
Go to Creator's Profile
Score Distribution
Quiz Creator Spotlight
koral
Follow
Send a Message
Quizzes Created
-
Created Quiz Play Count
-
More By This Creator
Popular Quizzes Today
1
Find the US States - No Outlines Minefield
2
Find the Countries of Europe - No Outlines Minefield
3
The Countries of the World
4
Find the US States
5
Risky Map Clicking: Biggest States A-Z
6
US States
7
Popular People in 1961
8
Movies - When Are They Set?
More Movies Quizzes
5 Scenes, 1 Actor II
Published
Trending Quizzes
Risky Map Clicking: Least Populous States A-Z
Countries of the World: 200 Million BC
Billboard Blitz: Aretha Franklin
1-10 Letter G Words
Famous Russians: Author or Composer?
Recently Updated
Leaping Animals
pecheneg
Reality TV Shows (A-Z)
bhenderson79
Rickey Henderson's Hall of Fame Teammates
pecheneg
Champions League XIs: Arsenal
pecheneg
Quick Pick: Celebrities in WWE's Hall of Fame
aduchscher
A-Z Keypad Blitz II
pecheneg
Multiple Oscar Actors
pecheneg
Mystery Phrase Blitz: Oscar 'Best Actors'
pecheneg
F. Scott Fitzgerald Novels
LTH
Pick 3 Villains
ddd62291
Trending Topics
Harry Potter
Anime
Kpop
Crossword
NBA
Disney
Marvel
Soccer
WWE
NFL
Pokémon
Song
Puzzle
The Office
Country
Your Account Isn't Verified!
In order to create a playlist on Sporcle, you need to verify the email address you used during registration. Go to your
Sporcle Settings
to finish the process.
Report this User
Report this user for behavior that violates our
Community Guidelines
.
Details:
Send Report
Go to the Sporcle.com Mobile Site →
Comments